| 000 | 00688nam a2200217 a 4500 | ||
|---|---|---|---|
| 001 | 000009725 | ||
| 005 | 20240412074212.0 | ||
| 008 | 091001s2001 dr 000 p spa d | ||
| 020 | _a9993401900 | ||
| 040 |
_aDO-SdBNP _bspa _cBNPHU |
||
| 082 |
_aRD861.44 _bB511o |
||
| 100 | 1 |
_aBerigüete, Marino, _d1962- _916526 |
|
| 245 | 1 | 0 |
_aOdas a Barahona / _cMarino Berigüete. |
| 260 |
_aSanto Domingo : _bBúho, _c2001. |
||
| 300 |
_a60 p. ; _c23 cm. |
||
| 500 | _aIncluye datos biográficos del autor en la solapa de la cubierta | ||
| 590 | _aInventariado, 2018/LP | ||
| 650 | 0 |
_aPoesía dominicana _966 |
|
| 650 | 0 |
_aLiteratura dominicana. _967 |
|
| 910 | _aValidado. Control de calidad BNPHU | ||
| 999 |
_c9485 _d9485 |
||